00373pab a2200109 454500008003600000100002000036245008800056650002200144650001400166650003800180773004500218180718b xxu||||| |||| 00| 0 eng d aHoddinott, John aRotten Kids or manipulative parents: are children oldege security in Western Kenya? a Old Age Security a Children aOld Age Security - Kenya, Western aEconomic Development and Cultural Change